000 00301nam a2200109Ia 4500
008 200302s9999 xx 000 0 und d
100 _aSergi Costa Duran & Other
245 _aThe Sourcebook of Contemporary Green Architecture
260 _bCollins Design Publishing
260 _c2010
300 _a599 P.,
999 _c2961
_d2961